| 000 | 00538cam a22002171 4500 | ||
|---|---|---|---|
| 001 | sa 68017859 | ||
| 003 | DLC | ||
| 005 | 20260227112706.0 | ||
| 008 | 940826m19679999ii 000 0 pano | ||
| 010 | _asa 68017859 | ||
| 025 | _aPL480:I-Pu-1191 | ||
| 035 | _a(OCoLC)31021002 | ||
| 040 |
_aDLC _cCU _dCU _dDLC |
||
| 042 | _apremarc | ||
| 050 | 0 | 0 |
_aBL2018 _b.B57 |
| 100 | 0 |
_aWīra Siṅgha, _cBhai. |
|
| 245 | 1 | 0 | _aAmara lekha. |
| 260 |
_b[for Bhai Vir Singh Sahitya Sadan] _c1967- |
||
| 300 |
_av. _c19 cm. |
||
| 500 | _aIn Panjabi. | ||
| 999 |
_c88012 _d88012 |
||